[Event "2. Agria International Open"]
[Site "Agria GRE"]
[Date "2025.08.29"]
[Round "4.1"]
[White "Triantafilidis, Mihail"]
[Black "Kotronias, Vasilios"]
[Result "0-1"]
[WhiteElo "2197"]
[BlackElo "2387"]

1.e4 c6 2.Nc3 d5 3.Nf3 dxe4 4.Nxe4 Nf6 5.Qe2 Nxe4 6.Qxe4 Qa5 7.Qf4 Qf5 8.
Qe3 Nd7 9.Bd3 Qc5 10.b3 Qxe3+ 11.fxe3 e5 12.Bb2 Bd6 13.Bf5 f6 14.d4 exd4 
15.exd4 Nb6 16.Bxc8 Rxc8 17.c4 Bb4+ 18.Kf2 Kf7 19.Ne1 Nd7 20.Nd3 Ba5 21.b4
Bc7 22.a4 f5 23.Rhf1 Rhe8 24.Kg1 g6 25.g4 Re2 26.gxf5 Bxh2+ 27.Kh1 Rce8 
28.Rad1 g5 29.Bc1 h6 30.d5 Nf6 31.Nf2 Bg3 32.Kg2 Ne4 33.dxc6 bxc6 34.Kf3 
Rxf2+ 35.Rxf2 Bxf2 36.Rd7+ Kf6 37.Kg4 h5+ 38.Kxh5 Kxf5 39.Bb2 Nf6+ 40.Bxf6
Kxf6 41.c5 Re7 42.Rd6+ Kf5 43.Rxc6 Rh7+ 44.Rh6 Rxh6+ 45.Kxh6 g4 46.c6 Ke6 
0-1

[Event "2. Agria International Open"]
[Site "Agria GRE"]
[Date "2025.08.29"]
[Round "4.2"]
[White "Holm, Kristian Stuvik"]
[Black "Karakasidis, Michail"]
[Result "1/2-1/2"]
[WhiteElo "2503"]
[BlackElo "2037"]

1.c4 e6 2.g3 d5 3.Bg2 Nf6 4.d4 Bb4+ 5.Nd2 O-O 6.Nf3 b6 7.O-O Bb7 8.a3 Be7 
9.cxd5 exd5 10.b4 Nbd7 11.Bb2 Bd6 12.Ne5 Qe7 13.Nec4 Ba6 14.Nxd6 cxd6 15.
Re1 Ne4 16.Nf1 f5 17.Rc1 Bc4 18.f3 Nef6 19.e4 fxe4 20.fxe4 Qf7 21.Nd2 Bd3 
22.exd5 Rae8 23.Qf3 Qg6 24.Rxe8 Rxe8 25.Bh3 Nf8 26.Rc8 Be2 27.Rxe8 Qxe8 
28.Qf4 Nxd5 29.Qe4 Nf6 30.Qxe8 Nxe8 31.d5 Kf7 32.Kf2 Bb5 33.Nf3 Bc4 34.
Be6+ Nxe6 35.dxe6+ Kxe6 36.Ng5+ Kf5 37.Nxh7 g5 38.h4 gxh4 39.gxh4 Kg4 40.
Nf6+ Nxf6 41.Bxf6 a5 1/2-1/2

[Event "2. Agria International Open"]
[Site "Agria GRE"]
[Date "2025.08.29"]
[Round "4.4"]
[White "Mantazis, Georgios Rafail"]
[Black "Zygouris, Hristos"]
[Result "0-1"]
[WhiteElo "2052"]
[BlackElo "2187"]

1.e4 c5 2.Nf3 Nc6 3.d4 cxd4 4.Nxd4 Qb6 5.Nb3 Nf6 6.Nc3 e6 7.Be3 Qc7 8.g3 
a6 9.Bg2 h5 10.Bf4 Ne5 11.Qd2 h4 12.Bxe5 Qxe5 13.f4 Qh5 14.e5 h3 15.Bxh3 
Qxh3 16.exf6 Qxg3+ 17.hxg3 Rxh1+ 18.Kf2 Rh2+ 19.Ke3 Rxd2 20.fxg7 Bxg7 21.
Kxd2 b6 22.Ke3 Bb7 23.Na4 b5 24.Nac5 Bd5 25.c3 Ke7 26.Nd4 d6 27.Ne4 f5 28.
Nf2 Rg8 29.Ne2 a5 30.Nd3 Rb8 31.Nd4 Bxd4+ 32.Kxd4 Rg8 33.a4 bxa4 34.Rxa4 
Rxg3 35.Rxa5 Be4 36.Ra7+ Kf6 37.Nf2 e5+ 38.Kc4 d5+ 39.Kc5 exf4 40.Kd4 Rg2 
41.Nxe4+ dxe4 42.Ra6+ Kg5 43.Ra8 f3 0-1

[Event "2. Agria International Open"]
[Site "Agria GRE"]
[Date "2025.08.29"]
[Round "4.5"]
[White "Townsend, M Paul"]
[Black "Sarsentos, Dimitrios"]
[Result "1-0"]
[WhiteElo "2167"]
[BlackElo "1803"]

1.Nf3 d5 2.c4 c6 3.e3 Nf6 4.Nc3 e6 5.b3 Nbd7 6.Bb2 Bd6 7.d4 O-O 8.Bd3 b6 
9.O-O Re8 10.e4 e5 11.cxd5 cxd5 12.dxe5 Nxe5 13.Nxd5 Bg4 14.Bxe5 Bxe5 15.
Rc1 Nxd5 16.exd5 Qd6 17.h3 Bxf3 18.Qxf3 Qf6 19.Qxf6 Bxf6 20.d6 Rad8 21.d7 
Re7 22.Bb5 Kf8 23.Rfd1 Re5 24.a4 Be7 25.Rc8 f6 26.f4 Re4 27.g3 Bc5+ 28.Kg2
Ke7 29.a5 Re3 30.Ba4 Re4 31.a6 f5 32.Rd5 g6 33.Re5+ Rxe5 34.fxe5 Bd4 35.
Rc7 Ke6 36.Bb5 Bxe5 37.Rxa7 Rb8 38.Bc6 Kd6 39.Bf3 Ke7 1-0

[Event "2. Agria International Open"]
[Site "Agria GRE"]
[Date "2025.08.29"]
[Round "4.6"]
[White "Stefanidi, Maria-Anna"]
[Black "Bougas, Georgios"]
[Result "1-0"]
[WhiteElo "1966"]
[BlackElo "2064"]

1.e4 e6 2.d4 d5 3.Nc3 Nf6 4.Bg5 dxe4 5.Nxe4 Be7 6.Bxf6 gxf6 7.Nf3 f5 8.Ng3
h5 9.Bd3 h4 10.Nf1 b6 11.Qe2 Bb7 12.O-O-O h3 13.Ne3 hxg2 14.Rhe1 f4 15.d5 
fxe3 16.dxe6 Bd6 17.exf7+ Kxf7 18.Qxe3 Qf6 19.Ng5+ Kg7 20.Ne6+ Kf7 21.Bc4 
Kg6 22.Rxd6 cxd6 23.Nf4+ Kg7 24.Qg3+ Kf8 25.Ng6+ Kg7 26.Nxh8+ Kxh8 27.Qg8#
1-0

[Event "2. Agria International Open"]
[Site "Agria GRE"]
[Date "2025.08.29"]
[Round "4.8"]
[White "Yordanov, Nikolay"]
[Black "Paraskevas, Sokratis"]
[Result "1/2-1/2"]
[WhiteElo "2061"]
[BlackElo "1870"]

1.e4 e5 2.Bc4 Nc6 3.Nf3 Nf6 4.d4 Nxe4 5.dxe5 Nc5 6.O-O Be7 7.Nc3 O-O 8.Bf4
Ne6 9.Bg3 a6 10.Qe2 b5 11.Bd5 Bb7 12.Rad1 Qc8 13.Qe4 h6 14.Qg4 
Na5 15.Bxb7 Nxb7 16.Nd5 Qd8 17.Nh4 c6 18.Nxe7+ Qxe7 19.Nf5 Qg5 20.Qxg5 
hxg5 21.Rxd7 Nbc5 22.Rd6 Na4 23.b3 Nc3 24.Rxc6 Nxa2 25.f3 Nb4 26.Rc3 Rfd8 
27.Be1 Rd1 28.Ne3 Ra1 29.Bd2 Ra2 30.Nf5 Rd8 31.Be3 Nxc2 32.Rc1 Nxe3 33.
Nxe3 Rdd2 34.R3c2 Nd4 35.Rxd2 Rxd2 36.Ra1 Nxb3 37.Rxa6 Nd4 38.Rd6 Ne2+ 39.
Kf1 Ra2 40.Rd3 Nc1 41.Rc3 Ra1 42.Nc2 Na2+ 43.Nxa1 Nxc3 44.Ke1 Kf8 45.Kd2 
Nd5 46.g3 Ke7 47.Nb3 1/2-1/2

[Event "2. Agria International Open"]
[Site "Agria GRE"]
[Date "2025.08.29"]
[Round "4.9"]
[White "Kountrias, Kosmas Ioannis"]
[Black "Arsovic, Goran"]
[Result "1/2-1/2"]
[WhiteElo "1902"]
[BlackElo "2336"]

1.e4 c5 2.Nc3 d6 3.g3 Nc6 4.Bg2 g6 5.d3 Bg7 6.Be3 Nd4 7.Qd2 Qa5 8.f4 Nh6 
9.h3 f5 10.Nf3 O-O 11.O-O Bd7 12.Rab1 e6 13.Qf2 Nxf3+ 14.Bxf3 Bc6 15.a3 b5
16.Ne2 Qc7 17.b4 fxe4 18.dxe4 c4 19.Rbd1 Nf7 20.Nd4 Bd7 21.Kh2 Rae8 22.Ne2
a6 23.Bd4 e5 24.Be3 Kh8 25.Qg2 exf4 26.gxf4 Bc6 27.Bd4 Bxd4 28.Nxd4 Ba8 
29.Rde1 Qe7 30.e5 Bxf3 31.Nxf3 Nd8 32.Nd4 dxe5 33.fxe5 Rxf1 34.Qxf1 Qh4 
35.c3 Kg7 36.Re3 Ne6 37.Nxe6+ Rxe6 38.Qf3 Qg5 39.Qb7+ Kh6 40.Qe4 Kg7 41.
Qb7+ 1/2-1/2

[Event "2. Agria International Open"]
[Site "Agria GRE"]
[Date "2025.08.29"]
[Round "4.10"]
[White "Koukouvinos, Viktor"]
[Black "Zizic, Djordje"]
[Result "0-1"]
[WhiteElo "1911"]
[BlackElo "2165"]

1.d4 d5 2.c4 e6 3.Nc3 Nf6 4.cxd5 exd5 5.Bg5 Bb4 6.Qc2 h6 7.Bh4 g5 8.Bg3 
Ne4 9.e3 h5 10.f3 Nxg3 11.hxg3 c6 12.Bd3 Be6 13.Ne2 Nd7 14.O-O-O Qe7 15.e4
dxe4 16.fxe4 Nf6 17.Rhe1 Kf8 18.Rf1 Rc8 19.Qd2 Rg8 20.Kb1 Bg4 21.Rde1 Rd8 
22.Bc2 b5 23.Rf2 Rg7 24.Ref1 Bxe2 25.Rxe2 Ng4 26.Rf5 Ba5 27.Bb3 Nh6 28.Rf3
c5 29.Bd5 c4 30.Ref2 b4 31.Ne2 Rxd5 32.exd5 Ng4 33.Rf1 Nh2 34.Re1 Qe4+ 35.
Ka1 Nxf3 36.gxf3 Qxf3 37.d6 Qd5 38.Qe3 Rg6 39.Qe7+ Kg7 40.Qe5+ Qxe5 41.
dxe5 Bb6 42.Rd1 Re6 43.Rd5 f6 44.Nd4 Rxe5 45.Rxe5 fxe5 46.Nc6 Kf6 47.d7 h4
48.g4 h3 0-1

[Event "2. Agria International Open"]
[Site "Agria GRE"]
[Date "2025.08.30"]
[Round "5.1"]
[White "Kotronias, Vasilios"]
[Black "Krallis, Christos"]
[Result "1/2-1/2"]
[WhiteElo "2387"]
[BlackElo "2390"]

1.e4 e5 2.Nf3 Nc6 3.Bb5 a6 4.Ba4 Nf6 5.O-O d6 6.c3 Bd7 7.d4 g6 8.Bxc6 Bxc6
9.dxe5 Nxe4 10.Qe2 Bg7 11.Nd4 d5 12.Nd2 Nxd2 13.Bxd2 O-O 14.f4 Bd7 15.b4 
b6 16.Qf2 Qc8 17.Rfe1 Re8 18.a4 f6 19.exf6 Bxf6 20.f5 Rxe1+ 21.Rxe1 Bxf5 
22.h3 Bg7 23.Re7 c5 24.bxc5 bxc5 25.Nxf5 Qxf5 26.Qxc5 Bf8 27.Qc6 Bxe7 28.
Qxa8+ Kf7 29.Qa7 Qc8 30.Bg5 Qc5+ 31.Qxc5 Bxc5+ 32.Kf1 1/2-1/2

[Event "2. Agria International Open"]
[Site "Agria GRE"]
[Date "2025.08.30"]
[Round "5.2"]
[White "Townsend, M Paul"]
[Black "Holm, Kristian Stuvik"]
[Result "1/2-1/2"]
[WhiteElo "2167"]
[BlackElo "2503"]

1.d4 g6 2.c4 Bg7 3.e4 d6 4.Nf3 Bg4 5.Be2 e5 6.d5 a5 7.Nc3 Nd7 8.O-O Bxf3 
9.Bxf3 h5 10.Rb1 Bh6 11.a3 Kf8 12.b4 Bxc1 13.Rxc1 Kg7 14.Na4 axb4 15.axb4 
f5 16.c5 Ngf6 17.c6 fxe4 18.Be2 bxc6 19.Rxc6 Rf8 20.Nc3 Nb6 21.Qd2 Rf7 22.
Rc1 Ra7 23.Bf1 Qb8 24.h3 Nc8 25.Rc4 Nb6 26.Rc6 Nc8 27.Rc4 Ne7 28.Nxe4 
Nexd5 29.Ng5 Re7 30.g3 Nb6 31.Rc6 Nbd7 32.Bc4 Nf8 33.b5 Rb7 34.Qc3 Rb6 35.
Bf1 Rxc6 36.Qxc6 N8h7 37.Nxh7 Nxh7 38.Ra1 Qf8 39.Ra7 Qd8 40.Ra8 Qd7 41.Qb7
e4 42.Qb8 e3 43.Qg8+ Kh6 44.fxe3 Rxe3 45.Qc4 Rxg3+ 46.Kh2 Rf3 47.Bg2 Rf5 
48.Be4 Rc5 49.Rg8 Nf8 1/2-1/2

[Event "2. Agria International Open"]
[Site "Agria GRE"]
[Date "2025.08.30"]
[Round "5.3"]
[White "Karakasidis, Michail"]
[Black "Triantafilidis, Mihail"]
[Result "1/2-1/2"]
[WhiteElo "2037"]
[BlackElo "2197"]

1.e4 e5 2.Nf3 Nc6 3.Bb5 a6 4.Ba4 Nf6 5.O-O d6 6.c3 Bd7 7.Re1 g6 8.d4 Bg7 
9.h3 O-O 10.Nbd2 exd4 11.cxd4 Nb4 12.Bxd7 Qxd7 13.Nf1 Qc6 14.Bf4 Nxe4 15.
Qb3 a5 16.Rac1 Qd5 17.Qxd5 Nxd5 18.Rxe4 f5 19.Ree1 Nxf4 20.Rxc7 Rf7 21.
Ree7 Ne2+ 22.Kh2 Raf8 23.Rxb7 Nxd4 24.Nxd4 Rxe7 25.Rxe7 Bxd4 26.Ne3 Bxb2 
27.Nc4 Bd4 28.f4 h5 29.Re6 Rf6 30.Rxf6 Bxf6 31.Nxa5 h4 32.Nb3 Kf7 33.a4 
Ke6 34.a5 Kd7 35.g4 hxg3+ 36.Kxg3 Kc6 37.Kf3 Kb5 38.Ke3 Bh4 39.Nd2 Be1 40.
Nf3 Bg3 41.Nd4+ Kxa5 42.Nc6+ Kb5 43.Ne7 Kc4 44.Nxg6 d5 45.Kf3 Be1 46.h4 d4
47.Ke2 Bc3 48.Ne5+ Kd5 49.Kd3 Ke6 50.Nf3 Kf6 51.h5 Bb4 52.Nxd4 Bc5 53.Kc4 
Bd6 54.Ne2 Kg7 55.Kd5 Bb8 56.Nd4 Kh6 57.Nxf5+ Kxh5 58.Ng3+ Kg4 59.f5 Bxg3 
60.f6 1/2-1/2

[Event "2. Agria International Open"]
[Site "Agria GRE"]
[Date "2025.08.30"]
[Round "5.4"]
[White "Zygouris, Hristos"]
[Black "Stefanidi, Maria-Anna"]
[Result "1/2-1/2"]
[WhiteElo "2187"]
[BlackElo "1966"]

1.Nf3 d5 2.c4 e6 3.g3 Nf6 4.Bg2 Be7 5.O-O O-O 6.b3 b6 7.Bb2 Bb7 8.e3 Nbd7 
9.Qe2 c5 10.Nc3 Rc8 11.Rfd1 dxc4 12.bxc4 Bxf3 13.Bxf3 Ne5 14.Bg2 Qd3 15.
Qxd3 Nxd3 16.Ba3 Rfd8 17.f4 Rd7 18.Kf1 Ng4 19.h3 Ngf2 20.Rdb1 f5 21.Rb3 
Bf6 22.Rab1 h5 23.Nd1 Ne4 24.Bxe4 fxe4 25.Nc3 Bxc3 26.Rxc3 Kf7 27.Ke2 Rcd8
28.Rcb3 Kg6 29.Rd1 e5 30.Bb2 h4 31.Rg1 Kf5 32.g4+ Ke6 33.f5+ Kf6 34.Bc3 
Kg5 35.Rbb1 Rf7 36.a4 g6 37.a5 Rd6 38.axb6 axb6 39.Ra1 Rdf6 40.Ra2 Rf8 41.
Ra7 gxf5 42.Rg7+ Kh6 43.gxf5 Rxf5 44.R7g4 Rf2+ 45.Kd1 Rf1+ 46.Rxf1 Rxf1+ 
47.Kc2 Ne1+ 48.Kb3 Nf3 49.Rxe4 Rh1 50.Ka4 Rxh3 51.Bxe5 Nxd2 52.Bf4+ Kh5 
53.Re5+ Kg4 54.Kb5 Rh1 55.Rg5+ Kh3 56.Kxb6 Rb1+ 57.Kc6 Nxc4 58.Kxc5 Nd2 
59.Rg8 Ne4+ 60.Kd4 Ng3 61.Kd5 Rb5+ 62.Ke6 Rh5 63.Bb8 Kg2 64.e4 Kf3 65.Bxg3
hxg3 66.e5 Kf4 67.Kd6 Rxe5 68.Rxg3 1/2-1/2

[Event "2. Agria International Open"]
[Site "Agria GRE"]
[Date "2025.08.30"]
[Round "5.5"]
[White "Lichtmannecker, Daniel"]
[Black "Yordanov, Nikolay"]
[Result "1-0"]
[WhiteElo "2176"]
[BlackElo "2061"]

1.e4 c5 2.Nf3 Nc6 3.Bb5 d6 4.O-O Bd7 5.Re1 a6 6.Bf1 Bg4 7.c3 e5 8.h3 Bh5 
9.g4 Bg6 10.d4 Nf6 11.Bg5 Be7 12.dxc5 dxc5 13.Nbd2 h5 14.Bxf6 Bxf6 15.Nc4 
hxg4 16.hxg4 Qc7 17.Qd6 Rc8 18.a4 Be7 19.Qxc7 Rxc7 20.Ncxe5 Nxe5 21.Nxe5 
Bd6 22.Nxg6 Bh2+ 23.Kg2 fxg6 24.Bc4 Bf4 25.Rh1 Rf8 26.Rad1 Re7 27.f3 Rd7 
28.Bd5 Ke7 29.a5 Rb8 30.Ra1 Kf6 31.Ra3 b5 32.axb6 Rxb6 33.Ra2 Rd8 34.Kf2 
c4 35.Bxc4 Rd2+ 36.Be2 Rbxb2 37.Rxb2 Rxb2 38.Ra1 Bd2 39.Rxa6+ Kg5 40.c4 
Kf4 41.Rxg6 Bc3 42.Rd6 Bf6 43.c5 Bh4+ 44.Kf1 Rc2 45.c6 Ke3 46.Bd1 Rc1 47.
Kg2 Bg5 48.Ba4 Bf4 49.Rd7 Rc4 50.Ra7 g5 51.Ra6 Rc1 52.Rb6 Ra1 53.Rb3+ Kd4 
54.Bb5 Ra2+ 55.Kf1 Ra1+ 56.Ke2 Ra2+ 57.Kd1 Rd2+ 58.Ke1 Rc2 59.Rd3+ Kc5 60.
Ba4 Rc1+ 61.Ke2 Rc4 62.Bb3 Rc1 63.Ba4 Rc4 64.Ra3 Rc1 65.Ra2 Kb4 66.Kd3 
Rc3+ 67.Kd4 Rxf3 68.Bd1 Rf1 69.Ra4+ Kb5 70.Be2+ Kxa4 71.Bxf1 Ka5 72.e5 Kb6
73.Kd5 Kc7 74.Bb5 Bd2 75.Ke6 Bc3 76.Kf5 Kb6 77.Ba4 Kc7 78.Kxg5 Bxe5 79.Kf5
Bd4 80.g5 Kd6 81.Kg6 1-0

[Event "2. Agria International Open"]
[Site "Agria GRE"]
[Date "2025.08.30"]
[Round "5.6"]
[White "Zizic, Djordje"]
[Black "Mourogiannis, Konstantinos"]
[Result "0-1"]
[WhiteElo "2165"]
[BlackElo "1938"]

1.e4 c6 2.Nf3 d5 3.Nc3 Bg4 4.h3 Bxf3 5.Qxf3 e6 6.d4 Nf6 7.Bd3 dxe4 8.Nxe4 
Nxe4 9.Qxe4 Qd5 10.O-O Qxe4 11.Bxe4 Nd7 12.c4 Be7 13.Bf4 Nf6 14.Bf3 Rd8 
15.Rad1 O-O 16.Rfe1 Rd7 17.g4 h6 18.Re3 Bd6 19.Bxd6 Rxd6 20.Rb3 Rd7 21.Ra3
a6 22.Rad3 Rfd8 23.Bg2 c5 24.d5 b5 25.b3 b4 26.Kh2 Kf8 27.Kg3 exd5 28.cxd5
Ke7 29.R3d2 Kd6 30.Re1 Re8 31.Rxe8 Nxe8 32.a4 a5 33.f4 Re7 34.Rd3 Nf6 35.
Bf3 Ne4+ 36.Bxe4 Rxe4 37.Kf3 Re1 38.h4 Rc1 39.Ke3 c4 40.bxc4 Rxc4 41.h5 
Rc1 42.Ke4 Ra1 43.Kf5 Rxa4 44.g5 Ra3 45.Rd1 b3 46.g6 f6 47.Rc1 b2 48.Rc6+ 
Kd7 49.Rb6 Ra2 50.Rb7+ Kd6 51.Rxg7 b1=Q+ 52.Kxf6 Qa1+ 53.Kf7 Rf2 54.Kg8 
Qd4 55.Kh7 Rxf4 56.Kxh6 Rf5 57.Rb7 Qh8+ 58.Rh7 Qf8+ 59.Rg7 Rxh5+ 0-1

[Event "2. Agria International Open"]
[Site "Agria GRE"]
[Date "2025.08.30"]
[Round "5.7"]
[White "Koukouvinos, Viktor"]
[Black "Exizoglou, Dimitrios"]
[Result "0-1"]
[WhiteElo "1902"]
[BlackElo "2088"]

1.e4 c6 2.d4 d5 3.exd5 cxd5 4.Bd3 Nc6 5.c3 e6 6.Nf3 Bd6 7.O-O Nge7 8.Bg5 
O-O 9.Bh4 f6 10.Re1 Bd7 11.Bg3 Qc7 12.Bxd6 Qxd6 13.Nbd2 Kh8 14.Nf1 e5 15.
dxe5 fxe5 16.Ne3 Rf6 17.Bb5 Raf8 18.Bxc6 bxc6 19.Re2 Ng6 20.Rd2 Rxf3 21.
gxf3 Nh4 22.Kf1 Nxf3 23.Ke2 Nxd2 24.Qxd2 Qf6 25.Rf1 Bh3 0-1

[Event "2. Agria International Open"]
[Site "Agria GRE"]
[Date "2025.08.30"]
[Round "5.8"]
[White "Paraskevas, Sokratis"]
[Black "Yordanova, Svetla"]
[Result "1/2-1/2"]
[WhiteElo "1870"]
[BlackElo "2069"]

1.Nc3 c5 2.e4 Nc6 3.a3 Qa5 4.Bc4 e6 5.d3 a6 6.Bd2 Qc7 7.Nh3 b5 8.Ba2 Bb7 
9.O-O Nf6 10.f4 h5 11.Ng5 Nd4 12.Ne2 Be7 13.h3 h4 14.Nxd4 cxd4 15.f5 Bd6 
16.fxe6 dxe6 17.Rc1 Bh2+ 18.Kh1 Be5 19.Qe1 Bg3 20.Qe2 Be5 21.Qf2 Rc8 22.c3
Qd7 23.Bf4 Bxf4 24.Qxf4 dxc3 25.Rxc3 Rxc3 26.bxc3 Rh5 27.e5 Rxg5 28.Qxg5 
Qxd3 29.Kg1 Ne4 30.Qxg7 Qe3+ 31.Kh2 Ng5 32.Qh8+ Ke7 33.Qf6+ Ke8 34.Qf4 Qe2
35.Rf2 Nf3+ 36.Qxf3 Bxf3 37.Rxe2 Bxe2 38.g3 hxg3+ 39.Kxg3 Ke7 40.h4 f5 41.
exf6+ Kxf6 42.Kf4 e5+ 43.Ke4 Bh5 44.Bd5 Bg6+ 45.Ke3 Be8 46.Bb7 a5 47.Ke4 
b4 48.cxb4 axb4 49.axb4 Bb5 50.Bd5 Be2 51.Ke3 Bb5 52.Be4 Kg7 53.Bd3 Bc6 
54.Be2 Kg6 55.Bf3 Bb5 56.Bd5 Kh5 57.Ke4 Kxh4 58.Kxe5 Kg5 59.Kd6 Kf6 60.Kc5
Ba6 61.Bc4 Bb7 62.Kd6 Kf5 63.Bd3+ Kf4 64.b5 Ke3 65.Kc7 Bf3 66.Bf5 Kd4 67.
b6 Kc5 68.Bc8 Be4 69.Bb7 Bd3 70.Ba8 Ba6 71.Bc6 Bc8 72.Bb7 Bf5 73.Ba8 Bc8 
74.Bb7 Bf5 75.Ba6 Be4 76.Bd3 Bf3 77.Ba6 Be4 1/2-1/2

[Event "2. Agria International Open"]
[Site "Agria GRE"]
[Date "2025.08.30"]
[Round "5.9"]
[White "Holm, Ragnar"]
[Black "Koutras, Konstantinos"]
[Result "1-0"]
[WhiteElo "2064"]
[BlackElo "1868"]

1.c4 e5 2.Nc3 Nc6 3.g3 g6 4.Bg2 Bg7 5.Nf3 Nf6 6.d4 d6 7.dxe5 dxe5 8.Qxd8+ 
Kxd8 9.Bg5 Ke8 10.Nb5 Kd8 11.O-O-O+ Bd7 12.Bh3 Nd4 13.Bxd7 Kxd7 14.Bxf6 
Bxf6 15.e3 c5 16.Nc3 Rac8 17.b3 Ke6 18.exd4 cxd4 19.Nd5 Bg7 20.Rhe1 Kd6 
21.Nc3 f6 22.Kb1 a6 23.Nxd4 exd4 24.Rxd4+ Kc5 25.Rd5+ Kb6 26.Rd7 Bf8 27.
Re6+ Ka7 28.Rxf6 Bb4 29.Rff7 Rb8 30.Nd5 Bc5 31.b4 Bf8 32.c5 a5 33.a3 axb4 
34.axb4 Ka6 35.Kc2 Bh6 36.Nc7+ Ka7 37.Rxh7 Rxh7 38.Rxh7 Bg5 39.f4 Bf6 40.
Nd5 Bd4 41.Kd3 Bg1 42.h3 Rd8 43.Kc4 Kb8 44.Rg7 Re8 45.Rxg6 Re4+ 46.Kb5 Ka7
47.Rg8 b6 48.Nxb6 Bf2 49.Ra8+ Kb7 50.c6+ Kc7 51.Rc8+ Kd6 52.Nc4+ Ke7 53.
Re8+ 1-0

[Event "2. Agria International Open"]
[Site "Agria GRE"]
[Date "2025.08.30"]
[Round "5.10"]
[White "Arsovic, Goran"]
[Black "Poullas, Antonis"]
[Result "1-0"]
[WhiteElo "2336"]
[BlackElo "1886"]

1.d4 Nf6 2.Nf3 g6 3.c4 Bg7 4.g3 c6 5.Bg2 d5 6.Ne5 O-O 7.O-O Ng4 8.cxd5 
cxd5 9.Bf4 Nc6 10.Nxc6 bxc6 11.Nc3 e5 12.dxe5 Nxe5 13.Na4 Bf5 14.Rc1 Qd7 
15.b3 Rfe8 16.Qd2 Rac8 17.Rfe1 h5 18.Nc5 Qe7 19.h3 Nd7 20.e4 Nxc5 21.exf5 
Ne4 22.Bxe4 dxe4 23.fxg6 fxg6 24.Rc4 Qe6 25.h4 Qd5 26.Qe3 c5 27.Rxe4 Rxe4 
28.Qxe4 Qxe4 29.Rxe4 Rc6 30.Ra4 a6 31.Be3 Kf7 32.Rc4 Bf8 33.b4 Ke6 34.bxc5
Kd5 35.Rd4+ Ke5 36.Ra4 Bxc5 37.Ra5 Kd6 38.Bxc5+ Rxc5 39.Rxa6+ Ke7 40.Rxg6 
Ra5 41.Rg5 1-0

[Event "2. Agria International Open"]
[Site "Agria GRE"]
[Date "2025.08.30"]
[Round "6.1"]
[White "Holm, Kristian Stuvik"]
[Black "Kotronias, Vasilios"]
[Result "1/2-1/2"]
[WhiteElo "2503"]
[BlackElo "2387"]

1.d4 Nf6 2.c4 g6 3.Nc3 Bg7 4.e4 d6 5.Be2 O-O 6.Be3 e5 7.d5 Na6 8.h4 Nc5 9.
Qc2 c6 10.Bxc5 dxc5 11.h5 cxd5 12.Nxd5 Be6 13.h6 Bh8 14.Nf3 Bxd5 15.cxd5 
Ne8 16.Qxc5 Nd6 17.Nd2 Rc8 18.Qa3 b5 19.O-O Qb6 20.Rac1 Bf6 21.Bg4 Rc7 22.
Qd3 Re8 23.Rc2 Rxc2 24.Qxc2 Bg5 1/2-1/2

[Event "2. Agria International Open"]
[Site "Agria GRE"]
[Date "2025.08.30"]
[Round "6.2"]
[White "Krallis, Christos"]
[Black "Triantafilidis, Mihail"]
[Result "1-0"]
[WhiteElo "2390"]
[BlackElo "2197"]

1.e4 c5 2.Nf3 d6 3.d4 cxd4 4.Nxd4 Nf6 5.Nc3 Nc6 6.Bc4 Bd7 7.O-O e6 8.Be3 
a6 9.f4 b5 10.Bb3 b4 11.Nce2 Qc7 12.c3 Ng4 13.Bd2 bxc3 14.bxc3 Nf6 15.Nxc6
Qxc6 16.Nd4 Qxe4 17.Re1 Qb7 18.Rb1 Qc8 19.f5 e5 20.g4 h6 21.h4 Be7 22.g5 
hxg5 23.hxg5 Nh5 24.Qf3 Kf8 25.Ne6+ Kg8 26.Nc7 Rb8 27.Bxf7+ Kf8 28.Nxa6 
Rxb1 29.Rxb1 Qxa6 30.Bxh5 Bd8 31.Be3 Qd3 32.Rb8 Rxh5 33.Rxd8+ Ke7 34.f6+ 
Ke6 35.Qg4+ Kd5 36.c4+ Qxc4 37.Qxc4+ Kxc4 38.f7 1-0

[Event "2. Agria International Open"]
[Site "Agria GRE"]
[Date "2025.08.30"]
[Round "6.3"]
[White "Zygouris, Hristos"]
[Black "Karakasidis, Michail"]
[Result "1-0"]
[WhiteElo "2187"]
[BlackElo "2037"]

1.c4 e6 2.g3 d5 3.Bg2 dxc4 4.Na3 Nf6 5.Nxc4 Nbd7 6.Nf3 c5 7.a4 Nb6 8.b3 
Nxc4 9.bxc4 Qc7 10.Bb2 Bd6 11.O-O Bd7 12.Qc2 Bc6 13.Rfb1 O-O-O 14.d3 Rhg8 
15.a5 Nd7 16.d4 Nf6 17.d5 exd5 18.Bxf6 gxf6 19.cxd5 Bxd5 20.Qf5+ Be6 21.
Qxf6 Rg6 22.Qh4 Bd5 23.e4 Be7 24.Qxh7 Bf6 25.exd5 Rh8 26.Bh3+ Kb8 27.d6 
Rxh7 28.dxc7+ Kxc7 29.Bf5 Bxa1 30.Bxg6 fxg6 31.Rxa1 Kc6 32.Ne5+ Kb5 33.
Nxg6 c4 34.Ne5 c3 35.Kf1 Rh5 36.Nd3 Kc4 37.Ke2 Rd5 38.Ra4+ Kb3 39.Rb4+ Kc2
40.Ne1+ Kc1 41.Rxb7 Rxa5 42.Kd3 Ra3 43.Rc7 c2+ 44.Rc3 Ra6 45.Nxc2 Rd6+ 46.
Nd4+ Kb2 47.Rc6 Rd7 48.Ra6 1-0

[Event "2. Agria International Open"]
[Site "Agria GRE"]
[Date "2025.08.30"]
[Round "6.4"]
[White "Stefanidi, Maria-Anna"]
[Black "Lichtmannecker, Daniel"]
[Result "1/2-1/2"]
[WhiteElo "1966"]
[BlackElo "2176"]

1.d4 Nf6 2.c4 e6 3.Nc3 d5 4.e3 a6 5.Nf3 dxc4 6.Bxc4 b5 7.Bb3 Bb7 8.O-O Be7
9.Bd2 O-O 10.Qe2 Nbd7 11.Rfd1 c5 12.Be1 Qb6 13.a4 c4 14.Bc2 b4 15.a5 Qc7 
16.Na4 Rac8 17.e4 Rfd8 18.Bd2 h6 19.Qe1 b3 20.Bb1 e5 21.d5 Ne8 22.Bc3 f6 
23.Nh4 Nd6 24.Bb4 Bf8 25.Bxd6 Qxd6 26.Nf5 Qb4 27.Nc3 Nc5 28.Qe2 Rc7 29.Ne3
Bd6 30.Nxc4 Bc8 31.Nxd6 Rxd6 32.Bd3 Bd7 33.h3 Nxd3 34.Qxd3 Rc5 35.Qe3 Rxa5
36.Qa7 Rxa1 37.Rxa1 Qb6 38.Qa8+ Kf7 39.h4 f5 40.exf5 Bxf5 41.Re1 Rd8 42.
Qc6 Qxc6 43.dxc6 Ke6 44.f4 e4 45.Nxe4 Rc8 46.Ng3+ Kf6 47.Re5 Bd3 48.Rc5 
Rc7 49.Rc3 Bb5 50.Rxb3 Rxc6 51.Ne4+ Kf5 52.Nc3 Kxf4 53.Nxb5 axb5 54.Rxb5 
Kg3 55.Rb3+ Kxh4 56.Kf2 Rf6+ 57.Rf3 Rb6 58.b3 g5 59.Rc3 g4 60.Rd3 Rf6+ 61.
Ke2 g3 62.Rf3 Ra6 63.Rf4+ Kg5 64.Kf3 Ra2 65.Rg4+ Kf5 66.Rb4 Rb2 67.Kxg3 
Kg5 68.Rb5+ Kg6 69.Kf3 Rb1 70.Kg4 Rb2 71.Rb6+ Kg7 72.g3 Rb1 73.b4 Rb2 74.
b5 Rb1 75.Rb7+ Kg6 76.b6 Rb4+ 77.Kh3 Rb1 78.Rb8 Rb4 79.b7 Kg7 80.Kg2 Rb2+ 
81.Kf3 Rb3+ 82.Kf4 Rb4+ 83.Kf5 Rb5+ 84.Ke6 Rb6+ 85.Kd5 Rb1 86.Kc6 1/2-1/2

[Event "2. Agria International Open"]
[Site "Agria GRE"]
[Date "2025.08.30"]
[Round "6.5"]
[White "Mourogiannis, Konstantinos"]
[Black "Townsend, M Paul"]
[Result "1/2-1/2"]
[WhiteElo "1938"]
[BlackElo "2167"]

1.d4 e6 2.Bf4 Nf6 3.e3 c5 4.c3 b6 5.Nd2 Be7 6.h3 cxd4 7.exd4 O-O 8.Ngf3 d6
9.Bd3 Ba6 10.Qe2 Bxd3 11.Qxd3 Nbd7 12.g4 b5 13.Bh2 Qb6 14.Rg1 d5 15.a3 a5 
16.g5 Nh5 17.Ne5 Nxe5 18.Bxe5 b4 19.cxb4 axb4 20.a4 Qc6 21.Qb3 Rfc8 22.Kd1
Bd6 23.Bxd6 Qxd6 24.Qf3 g6 25.Nb3 Ng7 26.a5 Nf5 27.Rc1 Rxc1+ 28.Kxc1 Rc8+ 
29.Kb1 Rc4 30.Rd1 Qc7 31.h4 Nxh4 32.Qh3 Qf4 33.Ka2 Nf5 34.Rh1 h5 35.gxh6 
Kh7 36.a6 Qc7 37.Ra1 Qa7 38.Kb1 Nxd4 39.Qe3 Nc6 40.Na5 Qxe3 41.fxe3 Nxa5 
42.Rxa5 Rc8 43.a7 Ra8 44.Ka2 g5 45.Kb3 g4 46.Kxb4 g3 47.Ra1 g2 48.Rg1 Rxa7
49.Rxg2 Kxh6 50.Kc5 Rc7+ 51.Kd6 Rb7 52.Ke5 Kh5 53.Kf6 Rb3 54.e4 Rf3+ 55.
Ke5 dxe4 56.Kxe4 Rb3 57.Ke5 Rb5+ 58.Kd6 Rb3 59.Ke7 Rf3 60.Kd6 Rb3 61.Ke7 
Rf3 62.Kd6 Kh4 63.b4 Rb3 64.Rf2 Rxb4 65.Rxf7 Rb6+ 1/2-1/2

[Event "2. Agria International Open"]
[Site "Agria GRE"]
[Date "2025.08.30"]
[Round "6.6"]
[White "Exizoglou, Dimitrios"]
[Black "Holm, Ragnar"]
[Result "1/2-1/2"]
[WhiteElo "2088"]
[BlackElo "2064"]

1.e4 c5 2.Nf3 g6 3.d4 cxd4 4.Nxd4 Nc6 5.Nc3 Bg7 6.Be3 Nf6 7.Bc4 O-O 8.Bb3 
d6 9.h3 Qa5 10.O-O Nxd4 11.Bxd4 Be6 12.Qd3 Nd7 1/2-1/2

[Event "2. Agria International Open"]
[Site "Agria GRE"]
[Date "2025.08.30"]
[Round "6.7"]
[White "Boutikos, Eleftherios"]
[Black "Arsovic, Goran"]
[Result "1/2-1/2"]
[WhiteElo "2061"]
[BlackElo "2336"]

1.e4 c5 2.Nf3 d6 3.d4 cxd4 4.Nxd4 Nf6 5.Nc3 a6 6.Bc4 e6 7.a4 Nc6 8.O-O Be7
9.Be3 Bd7 10.Qe2 O-O 11.Nxc6 Bxc6 12.a5 Nxe4 13.Nxe4 d5 14.Bb6 Qc8 15.Bd3 
dxe4 16.Bxe4 Bb5 17.Bd3 Bxd3 18.Qxd3 Bc5 19.Bxc5 Qxc5 20.Rfd1 Rac8 21.c3 
g6 22.Qd7 Rc7 23.Qa4 Rfc8 24.g3 h5 25.Rd3 Qc4 26.Qxc4 Rxc4 27.Rd7 R4c7 28.
Rxc7 Rxc7 29.Ra4 1/2-1/2

[Event "2. Agria International Open"]
[Site "Agria GRE"]
[Date "2025.08.30"]
[Round "6.8"]
[White "Yordanova, Svetla"]
[Black "Bougas, Georgios"]
[Result "1-0"]
[WhiteElo "2069"]
[BlackElo "2064"]

1.d4 d5 2.c4 e6 3.Nf3 Nf6 4.g3 Be7 5.Bg2 O-O 6.O-O c6 7.Nbd2 a5 8.Re1 b6 
9.Qc2 Bb7 10.e4 Na6 11.e5 Nd7 12.a3 Rc8 13.b3 c5 14.Bb2 Qc7 15.cxd5 Bxd5 
16.Qd3 Qb7 17.h4 h6 18.Bf1 Nab8 19.Nh2 Nc6 20.dxc5 Nxc5 21.Qe3 Rfd8 22.
Rad1 Bf8 23.g4 b5 24.h5 Be7 25.Nhf3 a4 26.b4 Nb3 27.Nxb3 Bxb3 28.Rxd8+ 
Rxd8 29.g5 hxg5 30.Nxg5 Rb8 31.Bg2 Bxg5 32.Qxg5 Qe7 33.Qg4 Nd8 34.Rc1 Bd5 
35.Bf1 Nc6 36.Rc5 Na7 37.Bd4 Nc6 38.Bb2 Na7 39.Bd3 Ba8 40.f3 Qd7 41.Bf1 
Qd1 42.Rc3 Qe1 43.Rd3 Bd5 44.Bc3 Qc1 45.Bd2 Qc7 46.Bh6 g6 47.hxg6 fxg6 48.
Qxg6+ Kh8 49.Bg5 1-0

[Event "2. Agria International Open"]
[Site "Agria GRE"]
[Date "2025.08.30"]
[Round "6.9"]
[White "Mantazis, Georgios Rafail"]
[Black "Paraskevas, Sokratis"]
[Result "1-0"]
[WhiteElo "2052"]
[BlackElo "1870"]

1.e4 e5 2.Nf3 Nc6 3.Bb5 f5 4.d4 fxe4 5.Bxc6 bxc6 6.Nxe5 Nf6 7.O-O c5 8.Bg5
d5 9.dxc5 Bxc5 10.Bxf6 gxf6 11.Qh5+ Ke7 12.Nc6+ Kd6 13.Nxd8 Rxd8 14.Nc3 
Be6 15.Rad1 1-0